| 000 | 01917nam a2200409 a 4500 | ||
|---|---|---|---|
| 001 | ebr10500178 | ||
| 003 | CaPaEBR | ||
| 006 | m u | ||
| 007 | cr cn||||||||| | ||
| 008 | 980602s1998 utuac sb 001 0aeng d | ||
| 010 | _z 98025346 | ||
| 020 | _z0874212529 | ||
| 020 | _z9780874216431 | ||
| 020 | _z9780874213058 (e-book) | ||
| 040 |
_aCaPaEBR _cCaPaEBR |
||
| 035 | _a(OCoLC)657785983 | ||
| 043 | _an-us--- | ||
| 050 | 1 | 4 |
_aBX8695.P68 _bA3 1998eb |
| 082 | 0 | 4 |
_a289.3/092 _aB _221 |
| 100 | 1 |
_aPratt, Louisa Barnes, _d1802-1880. |
|
| 245 | 1 | 4 |
_aThe history of Louisa Barnes Pratt _h[electronic resource] : _bbeing the autobiography of a Mormon missionary widow and pioneer / _cedited by S. George Ellsworth. |
| 260 |
_aLogan, Utah : _bUtah State University Press, _c1998. |
||
| 300 |
_axxviii, 420 p. : _bill., port. |
||
| 490 | 1 |
_aLife writings of frontier women ; _vv. 3 |
|
| 500 | _a"A New England youth, at Nauvoo and Salt Lake City, mission to the Society Islands, Mormon life in California, pioneering in Beaver, Utah." | ||
| 504 | _aIncludes bibliographical references (p. [402]-404) and index. | ||
| 505 | 0 | _apt. 1. On joining the Mormons -- pt. 2. On a Mormon mission to Tahiti -- pt. 3. On early California -- pt. 4. On pioneer living in Beaver. | |
| 533 |
_aElectronic reproduction. _bPalo Alto, Calif. : _cebrary, _d2013. _nAvailable via World Wide Web. _nAccess may be limited to ebrary affiliated libraries. |
||
| 600 | 1 | 0 |
_aPratt, Louisa Barnes, _d1802-1880. |
| 650 | 0 |
_aMormons _zUnited States _vBiography. |
|
| 650 | 0 | _aFrontier and pioneer life. | |
| 655 | 7 |
_aElectronic books. _2local |
|
| 700 | 1 |
_aEllsworth, S. George _q(Samuel George), _d1916- |
|
| 710 | 2 | _aebrary, Inc. | |
| 830 | 0 |
_aLife writings of frontier women ; _vv. 3. |
|
| 856 | 4 | 0 |
_uhttp://site.ebrary.com/lib/rucke/Doc?id=10500178 _zAn electronic book accessible through the World Wide Web; click to view |
| 999 |
_c131252 _d131252 |
||